Á lódáil...

Expenditure tax

Sonraí Bibleagrafaíochta
Príomhúdar: Kaldor, Nicholas
Formáid: Printed Book
Foilsithe: Unwin University Books, London 1959
Ábhair:
LEADER 00474nam a2200193 4500
020
082 |a 336.2 KAL-E 
100 |a Kaldor, Nicholas 
245 |a Expenditure tax 
250
260 |a Unwin University Books, London  |c 1959 
300
490
500
590
650 |a Taxes and Taxation 
942 |c BK 
999 |c 103911  |d 103911 
952 |0 0  |1 0  |4 0  |6 336_200000000000000_KALE  |7 0  |9 117378  |a ECN  |b ECN  |l 0  |o 336.2 KAL-E  |p ECN00952  |r 2019-09-25  |w 2019-09-25  |y BK